01560cam a2200205 i 4500020002600000020002300026040002600049245007500075300004000150500015100190500062800341650001900969650002200988710006001010710004501070710006101115942001001176999001701186952015101203 a9789264257092 (print) a9264257098 (print) cNLE ADO 2016 C101 Or.00aAdopting a territorial approach to food security and nutrition policy. a153 pages :billustrations ;c28 cm a"This publication is the outcome of the joint FAO, OECD, UNCDF project on the Territorial Approach to Food Security and Nutrition Policy"--Page 5. a"This study presents a framework for a territorial approach to food security and nutrition based on five case studies in Cambodia, Colombia, Côte d'Ivoire, Morocco and Peru and two national workshops held in Mali and Niger. ... The study proposes a shift from a sectoral, top-down and 'one-size-fits-all' approach to one that is multisectoral, bottom-up and context-specific. It highlights the important of a well-functioning multi-level governance system. It stresses that achieving sustainable food security and nutrition requires improving development conditions and accessing income-generating activities."--Foreword. 0aFood security. 0aNutrition policy.2 aOrganisation for Economic Co-operation and Development,2 aUnited Nations Capital Development Fund.2 aFood and Agriculture Organization of the United Nations. cAEDBB c20875d20875 0010406NLE_ADO_2016_000000000000000_C101_OR70992461aLBCbLBCcC101d2022-12-30oNLE ADO 2016 C101 Or.pa069610r2022-12-30w2022-12-30yAEDBB